Taylor Swift Lover - Sudden Death - Statistics

General Stats
  • This quiz has been taken 153 times
    149 since last reset
  • The average score is 16 of 18
Answers on the Grid
Answers color-coded by a green-red scale on the quiz's grid according to % correct below.
Ultraviolet
Miss Americana & The Heartbreak Prince
ME!
Cornelia Street
Lover
So High School
Cruel Summer
The Archer
Sparks Fly
I Forgot That You Existed
It's Nice To Have A Friend
All's Well That Ends Well
Daylight
Saint-Tropez
Afterglow
Golden Love
False God
The Alchemy
You Need To Calm Down
Soon You'll Get Better
One For The Ages
Paper Rings
loml
I Think He Knows
London Boy
The One
Death By A Thousand Cuts
The Man
Dazzling Haze
 
Answer Stats
Answer % Correct
Cruel Summer
96%
Lover
96%
Miss Americana & The Heartbreak Prince
95%
ME!
94%
The Archer
94%
London Boy
91%
Cornelia Street
90%
Paper Rings
90%
The Man
90%
Daylight
88%
Death By A Thousand Cuts
88%
You Need To Calm Down
88%
False God
87%
Afterglow
86%
I Forgot That You Existed
86%
It's Nice To Have A Friend
85%
I Think He Knows
82%
Soon You'll Get Better
81%
No matching quizzes found
Score Distribution
Percent of People with Each Score
Percentile by Number Answered
Your Score History
You have not taken this quiz since the last reset